| 000 | 00648nam a2200193 a 4500 | ||
|---|---|---|---|
| 005 | 20240830063937.0 | ||
| 008 | 991125s1971 mx 000 0 spa u | ||
| 035 | _aUPN01000047257 | ||
| 049 | _aCG | ||
| 050 | 4 |
_aLB1043 _bM3.38 no.12 |
|
| 100 | 1 | _aColtharp, Joe | |
| 245 | 1 | 0 |
_aProducción de transparencias para uso escolar / _credactado por Joe Coltharp ; diseñado e il. por Gerda McMurry ; tr. Gil Olmos. |
| 260 |
_aMéxico : _bPax-México, _c1971. |
||
| 300 |
_a71 p. : _bil. |
||
| 440 | 0 |
_aMateriales audiovisuales ; _v12 |
|
| 650 | 4 |
_aDIAPOSITIVAS - _xDISEÑO _914777 |
|
| 650 | 4 |
_aEnseñanza _vMateriales auxiliares _912548 |
|
| 905 | _aLibro | ||
| 999 |
_c47257 _d47257 |
||